000
00402nam a22001337a 4500
003
SGT
020
_a
9788191077377
082
_a
891.4309
_b
S11B
100
_a
भारती, कँवल
245
_a
स्वामी अधुतानन्द्जी 'हरिहर' संचयिता
260
_b
स्वराज प्रकाशन
_c
2011
300
_a
167
942
_2
ddc
_c
BK
999
_c
31869
_d
31869